Анализ и диагностика финансово-хозяйственной деятельности нефтегазовых предприятий: учебное пособие
| Autor principal: | |
|---|---|
| Autor corporatiu: | |
| Altres autors: | |
| Sumari: | Заглавие с титульного экрана В учебном пособии изложены теоретические основы анализа финансово-хозяйственной деятельности предприятия как базы для принятия управленческих решений. Рассмотрена методика факторного анализа, порядок проведения анализа производственно-хозяйственной деятельности нефтегазовых предприятий, а также программа анализа финансового состояния с учетом отраслевых особенностей нефтегазовой промышленности. После каждой темы приведены контрольные вопросы. Второе издание настоящего учебного пособия учитывает актуальные изменения, произошедшие в требованиях к финансовой отчетности предприятий. Предназначено для студентов, обучающихся по специальности 080502 "Экономика и управление на предприятии (нефтяной и газовой промышленности)". Режим доступа: из корпоративной сети ТПУ |
| Idioma: | rus |
| Publicat: |
Томск, Изд-во ТПУ, 2013
|
| Edició: | 2-е изд., перераб. и доп. |
| Matèries: | |
| Accés en línia: | http://www.lib.tpu.ru/fulltext2/m/2014/m137.pdf |
| Format: | Electrònic Llibre |
| KOHA link: | https://koha.lib.tpu.ru/cgi-bin/koha/opac-detail.pl?biblionumber=260655 |
MARC
| LEADER | 00000nlm0a2200000 4500 | ||
|---|---|---|---|
| 001 | 260655 | ||
| 005 | 20231226133234.0 | ||
| 035 | |a (RuTPU)RU\TPU\book\283608 | ||
| 090 | |a 260655 | ||
| 100 | |a 20140516d2013 m y0rusy50 ca | ||
| 101 | 0 | |a rus | |
| 102 | |a RU | ||
| 105 | |a a j 001zy | ||
| 135 | |a drcn ---uucaa | ||
| 181 | 0 | |a i | |
| 182 | 0 | |a b | |
| 200 | 1 | |a Анализ и диагностика финансово-хозяйственной деятельности нефтегазовых предприятий |e учебное пособие |f А. В. Антошкина, Е. М. Вершкова |g Национальный исследовательский Томский политехнический университет (ТПУ) | |
| 203 | |a Текст |c электронный | ||
| 205 | |a 2-е изд., перераб. и доп. | ||
| 210 | |a Томск |c Изд-во ТПУ |d 2013 | ||
| 300 | |a Заглавие с титульного экрана | ||
| 330 | |a В учебном пособии изложены теоретические основы анализа финансово-хозяйственной деятельности предприятия как базы для принятия управленческих решений. Рассмотрена методика факторного анализа, порядок проведения анализа производственно-хозяйственной деятельности нефтегазовых предприятий, а также программа анализа финансового состояния с учетом отраслевых особенностей нефтегазовой промышленности. После каждой темы приведены контрольные вопросы. Второе издание настоящего учебного пособия учитывает актуальные изменения, произошедшие в требованиях к финансовой отчетности предприятий. Предназначено для студентов, обучающихся по специальности 080502 "Экономика и управление на предприятии (нефтяной и газовой промышленности)". | ||
| 333 | |a Режим доступа: из корпоративной сети ТПУ | ||
| 337 | |a Adobe Reader | ||
| 451 | 1 | |0 (RuTPU)RU\TPU\book\235098 |t Анализ и диагностика финансово-хозяйственной деятельности нефтегазовых предприятий |o учебное пособие |f А. В. Антошкина |g Национальный исследовательский Томский политехнический университет (ТПУ) |c Томск |n Изд-во ТПУ |d 2011 |a Антошкина, Анна Владимировна | |
| 606 | 1 | |a Нефтегазодобывающие предприятия |x Экономика |2 stltpush |3 (RuTPU)RU\TPU\subj\45582 |9 64775 | |
| 610 | 1 | |a электронный ресурс | |
| 610 | 1 | |a труды учёных ТПУ | |
| 610 | 1 | |a учебные пособия | |
| 610 | 1 | |a финансово-хозяйственная деятельность | |
| 610 | 1 | |a управленческие решения | |
| 610 | 1 | |a факторный анализ | |
| 610 | 1 | |a производственно-хозяйственная деятельность | |
| 610 | 1 | |a нефтегазовые предприятия | |
| 610 | 1 | |a финансовое состояние | |
| 610 | 1 | |a нефтегазовая промышленность | |
| 610 | 1 | |a экономика | |
| 610 | 1 | |a управление | |
| 610 | 1 | |a диагностика | |
| 610 | 1 | |a анализ | |
| 675 | |a 622.323.012:658(075.8) |v 3 | ||
| 700 | 1 | |a Антошкина |b А. В. |c экономист |c доцент Томского политехнического университета, кандидат экономических наук |f 1976- |g Анна Владимировна |3 (RuTPU)RU\TPU\pers\26224 | |
| 701 | 1 | |a Вершкова |b Е. М. |c специалист в области нефтегазового дела |c старший преподаватель Томского политехнического университета |f 1981- |g Елена Михайловна |3 (RuTPU)RU\TPU\pers\27710 |9 12784 | |
| 712 | 0 | 2 | |a Национальный исследовательский Томский политехнический университет (ТПУ) |b Институт природных ресурсов (ИПР) |b Кафедра экономики природных ресурсов (ЭПР) |3 (RuTPU)RU\TPU\col\18668 |
| 801 | 2 | |a RU |b 63413507 |c 20160616 |g RCR | |
| 856 | 4 | |u http://www.lib.tpu.ru/fulltext2/m/2014/m137.pdf | |
| 942 | |c CF | ||